MARC

LEADER 00000nam0a2200000 4500
001 287435
005 20231102000005.0
020 |a RU  |b 85-71406 
035 |a (RuTPU)RU\TPU\book\311835 
090 |a 287435 
100 |a 20150316d1985 k y0rusy5003 ca 
101 0 |a rus 
102 |a RU 
105 |a a z 001zy 
200 1 |a Правила технической эксплуатации механического оборудования агломерационных фабрик  |f Всесоюзный научно-исследовательский проектно-конструкторский технологический институт механизации труда в черной металлургии и ремонтно-механических работ (ВНИИмехчермет) 
210 |a Москва  |c Металлургия  |d 1985 
215 |a 144 с.  |c ил. 
320 |a Библиогр.: с. 143 
606 1 |a Агломерационные фабрики  |2 stltpush  |3 (RuTPU)RU\TPU\subj\1442  |9 30222 
610 1 |a оборудование 
610 1 |a эксплуатация 
610 1 |a технические требования 
610 1 |a машины 
610 1 |a дробилки 
610 1 |a охладители 
610 1 |a окомковательные фабрики 
675 |a 622.788  |z rus  |v 4 
712 0 2 |a Всесоюзный научно-исследовательский проектно-конструкторский технологический институт механизации труда в черной металлургии и ремонтно-механических работ (ВНИИмехчермет)  |2 stltpush  |3 (RuTPU)RU\TPU\col\21773 
801 0 |a RU  |b RuMRKP  |c 19950704  |g psbo 
801 1 |a RU  |b 63413507  |c 20150316 
801 2 |a RU  |b 63413507  |c 20170703  |g RCR 
942 |c BK